| 000 | 00473nam a2200145 i 4500 | ||
|---|---|---|---|
| 001 | 49035 | ||
| 003 | ES-MaACL | ||
| 005 | 20230906161853.0 | ||
| 007 | t| | ||
| 008 | 030704q18001899sp ||||1| spa d | ||
| 245 | 0 | 0 | _aRelación de la solemne función del Corpus que se celebra en esta ciudad de Valencia. |
| 260 |
_a[Valencia : _bLibrería de Rafael Mariana y Mompié, _c18--] ( _fImp. de la viuda de Ayoldi) |
||
| 300 |
_a16 p. ; _c16 cm. |
||
| 852 |
_aES-MaACL _jFol-Laf-547 |
||
| 999 |
_c49035 _d49035 |
||